000 00777nam a22002175i 4500
001 168821
003 ES-MaACL
005 20250521063436.0
008 080612q1862 fr |||| | fre d
080 _a782.089.6
100 1 _aRossini, Gioachino,
_d1792-1868
_9240542
245 1 0 _aGuillaume Tell [
_hMúsica impresa]
_b: opéra en quatre actes /
_cparoles de Jouy et H. Bis ; musique de G. Rossini.
260 _aParis :
_bL. Grus et Cie.,
_c[ca. 1862]
300 _a1 partitura de coro (254 p.) ;
_c19 cm.
650 4 _aÓperas-
_xPartituras de coro.
_9137579
700 1 _aJouy, Etiénne de.
_9137942
700 1 _aBis, Hippolyte.
_9137943
852 4 _aES-MaACL
_jE-11632
_z- Biblioteca Jacinto Martínez Lacalle
942 _2udc
999 _c168821
_d168821